Growth and policy in developing countries : (Record no. 2994)

000 -LEADER
fixed length control field 02214cam a2200433 a 4500
001 - CONTROL NUMBER
control field 15810354
003 - CONTROL NUMBER IDENTIFIER
control field OSt
005 - DATE AND TIME OF LATEST TRANSACTION
control field 20180117085954.0
008 - FIXED-LENGTH DATA ELEMENTS--GENERAL INFORMATION
fixed length control field 090710s2009 nyua b 001 0 eng
010 ## - LIBRARY OF CONGRESS CONTROL NUMBER
LC control number 2009025303
015 ## - NATIONAL BIBLIOGRAPHY NUMBER
National bibliography number GBA981384
Source bnb
016 7# - NATIONAL BIBLIOGRAPHIC AGENCY CONTROL NUMBER
Record control number 015351594
Source Uk
020 ## - INTERNATIONAL STANDARD BOOK NUMBER
International Standard Book Number 9780231150149 (cloth : alk. paper)
020 ## - INTERNATIONAL STANDARD BOOK NUMBER
International Standard Book Number 0231150148 (cloth : alk. paper)
020 ## - INTERNATIONAL STANDARD BOOK NUMBER
International Standard Book Number 9780231520836 (ebook)
020 ## - INTERNATIONAL STANDARD BOOK NUMBER
International Standard Book Number 0231520832 (ebook)
035 ## - SYSTEM CONTROL NUMBER
System control number (OCoLC)ocn320798883
040 ## - CATALOGING SOURCE
Original cataloging agency DLC
Transcribing agency DLC
Modifying agency BTCTA
-- UKM
-- C#P
-- CDX
-- DLC
043 ## - GEOGRAPHIC AREA CODE
Geographic area code d------
050 00 - LIBRARY OF CONGRESS CALL NUMBER
Classification number HC59.7
Item number .O263 2009
082 00 - DEWEY DECIMAL CLASSIFICATION NUMBER
Classification number 338.9009172/4
Edition number 22
100 1# - MAIN ENTRY--PERSONAL NAME
Personal name Ocampo, José Antonio.
245 10 - TITLE STATEMENT
Title Growth and policy in developing countries :
Remainder of title a structuralist approach /
Statement of responsibility, etc. José Antonio Ocampo, Codrina Rada, and Lance Taylor ; with contributions from Mariángela Parra.
260 ## - PUBLICATION, DISTRIBUTION, ETC.
Place of publication, distribution, etc. New York :
Name of publisher, distributor, etc. Columbia University Press,
Date of publication, distribution, etc. c2009.
300 ## - PHYSICAL DESCRIPTION
Extent xviii, 178 p. :
Other physical details ill. ;
Dimensions 24 cm.
490 1# - SERIES STATEMENT
Series statement Initiative for Policy Dialogue at Columbia University
504 ## - BIBLIOGRAPHY, ETC. NOTE
Bibliography, etc. note Includes bibliographical references and index.
505 0# - FORMATTED CONTENTS NOTE
Formatted contents note Economic structure, policy, and growth -- Growth and policy space in historical terms -- Growth rates, economic structures, and energy use -- Open economies and patterns of trade -- Patterns of net borrowing in open developing economies -- Financial structures -- Macroeconomic policy choices -- Growth and sectoral policy -- Stylized facts and policy alternatives.
650 #0 - SUBJECT ADDED ENTRY--TOPICAL TERM
Topical term or geographic name entry element Economic development
Geographic subdivision Developing countries.
651 #0 - SUBJECT ADDED ENTRY--GEOGRAPHIC NAME
Geographic name Developing countries
General subdivision Economic policy.
700 1# - ADDED ENTRY--PERSONAL NAME
Personal name Rada, Codrina.
700 1# - ADDED ENTRY--PERSONAL NAME
Personal name Taylor, Lance,
Dates associated with a name 1940-
830 #0 - SERIES ADDED ENTRY--UNIFORM TITLE
Uniform title Initiative for Policy Dialogue at Columbia (Series)
906 ## - LOCAL DATA ELEMENT F, LDF (RLIN)
a 7
b cbc
c orignew
d 1
e ecip
f 20
g y-gencatlg
942 ## - ADDED ENTRY ELEMENTS (KOHA)
Source of classification or shelving scheme
Koha item type Book
Holdings
Withdrawn status Lost status Source of classification or shelving scheme Damaged status Not for loan Collection code Permanent Location Current Location Shelving location Date acquired Total Checkouts Full call number Barcode Date last seen Price effective from Koha item type
            Central Library (CL) Central Library (CL) General Stacks 04/01/2016   338.9009172/4 OCA S3H-S-761 04/01/2016 04/01/2016 Book
            Central Library (CL) Central Library (CL) General Stacks 04/01/2016   338.9009172/4 OCA S3H-S-762 04/01/2016 04/01/2016 Book
© 2023 Central Library, National University of Sciences and Technology. All Rights Reserved.